Statistics for BTS Members Oldest to Youngest

Click here to take the quiz!

General Stats

  • This quiz has been taken 5,945 times
  • The average score is 5 of 7

Answer Stats

Order Member % Correct
1 (Oldest)Jin
99%
2Suga
92%
3J-Hope
81%
4Rap Monster
75%
5Jimin
68%
6V
66%
7 (Youngest)Jungkook
60%

Score Distribution

Percentile by Number Answered

Percent of People with Each Score

Your Score History

You have not taken this quiz